Del presente i del próseim avenir (Record no. 41246)

MARC details
000 -LEADER
campo de control de longitud fija 00618nam a2200169 i 4500
001 - NÚMERO DE CONTROL
campo de control 41246
003 - IDENTIFICADOR DE NÚMERO DE CONTROL
campo de control ES-MaACL
005 - FECHA Y HORA DE LA ÚLTIMA TRANSACCIÓN
campo de control 20230906160411.0
007 - CAMPO FIJO DE DESCRIPCIÓN FÍSICA--INFORMACIÓN GENERAL
campo de control de longitud fija t|
008 - DATOS DE LONGITUD FIJA--INFORMACIÓN GENERAL
campo de control de longitud fija 030310s1935 sp ||||1| cat d
100 1# - ENTRADA PRINCIPAL--NOMBRE DE PERSONA
Nombre de persona Cases Carbó, Joaquin.
9 (RLIN) 36299
245 14 - MENCIÓN DEL TÍTULO
Título Del presente i del próseim avenir
Resto del título : oda a la Federació neo-llatina mediterranea, a la Federació Europea y a la Pau : tese en cinquante llengües precedida d'una introducció /
Mención de responsabilidad, etc. Joaquin Cases Carbó.
260 ## - PUBLICACIÓN, DISTRIBUCIÓN, ETC.
Lugar de publicación, distribución, etc. Barcelona :
Nombre del editor, distribuidor, etc. Lib. Catalonia,
Fecha de publicación, distribución, etc. 1935.
300 ## - DESCRIPCIÓN FÍSICA
Extensión 258 p. ;
Dimensiones 19 cm.
500 ## - NOTA GENERAL
Nota general Dedicatoria del autor.
852 ## - LOCALIZACIÓN
Ubicación ES-MaACL
Número de control de estantería A-3231
Holdings
Estatus retirado Estado de pérdida Estado de daño No para préstamo Biblioteca de origen Biblioteca actual Ubicación en estantería Fecha de adquisición Fuente de adquisición Total de préstamos Signatura topográfica completa Código de barras Visto por última vez Precio de reemplazo Tipo de ítem Koha
        Biblioteca del Ateneo de Madrid Biblioteca del Ateneo de Madrid Sala Pecera Planta 1 17/01/2008     A-3231 1043424 23/02/2023 23/02/2023 Libro impreso